| 000 | 01080nam a2200229 a 4500 | ||
|---|---|---|---|
| 001 | 000732440 | ||
| 003 | AM-YeHGA | ||
| 005 | 20250617143156.0 | ||
| 008 | 100429s1985 ru r 000 0 rus d | ||
| 040 | _aAM-YeHGA | ||
| 041 | 0 | _arus | |
| 245 | 0 | 0 |
_aКоличественные методы районирования и классификации / _c[А. М. Трофимов; Науч. ред. Ю. Г. Симонов]. |
| 260 |
_aКазань : _bИзд-во Казан. ун-та, _c1985. |
||
| 300 |
_a119 с. : _bил. ; _c20 см. |
||
| 500 | _aАвт. указаны на обороте тит. л. | ||
| 504 | _aБиблиогр.: с. 109-118 | ||
| 653 | 0 | _aЭкономическое районирование - Математические методы | |
| 653 | 0 | _aФизико-географическое районирование - Математические методы | |
| 700 | 1 |
_aТрофимов, Анатолий Михайлович _eавт. _4aut |
|
| 700 | 1 |
_aСимонов, Юрий Гаврилович _eред. _4edt |
|
| 090 | _c272412 | ||
| 999 |
_c270774 _d270774 |
||